00287nam a2200109 450000500170000002000180001708200170003508400250005224500460007726000440012330000100016720260427124155.0 a9789360610494 a519.5bMAM.P 2Colon Classification aProbability and statistics /cMamta Yadav aNew Delhi :bPinakin publishing,c2024. a263p.